[Event "BCF-chT4 2223 (4NCL)"]
[Site "England"]
[Date "2023.01.08"]
[Round "4.152"]
[White "Tucker, David Sidney"]
[Black "Evans, Christopher J"]
[Result "1-0"]
[WhiteElo "2000"]
[BlackElo "1732"]
[PlyCount "81"]
[EventDate "2022.11.05"]
[EventType "team-swiss"]
[EventRounds "11"]
[EventCountry "ENG"]
[SourceTitle "EXT 2024"]
[Source "ChessBase"]
[SourceDate "2023.10.10"]
[SourceVersion "1"]
[SourceVersionDate "2023.10.10"]
[SourceQuality "1"]
[WhiteTeam "War and Piece"]
[BlackTeam "Oxford IV"]
[WhiteTeamCountry "ENG"]
[BlackTeamCountry "ENG"]

1. e4 c5 2. Nf3 d6 3. d4 cxd4 4. Nxd4 Nf6 5. Nc3 a6 6. g3 Bg4 7. f3 Bd7 8. Be3 Nc6 9. Nxc6 Bxc6 10. Qd2 g6 11. Nd5 Bxd5 12. exd5 Bg7 13. Bh3 Nd7 14. 0-0 b5 15. Bd4 Nf6 16. a4 Rb8 17. axb5 axb5 18. Rfe1 0-0 19. f4 Re8 20. c3 Nh5 21. Ra7 Bxd4+ 22. Qxd4 Ng7 23. Kg2 f5 24. g4 fxg4 25. Bxg4 h5 26. Be6+ Kh7 27. Bh3 e5 28. dxe6 Re7 29. Rd7 Qf8 30. Rxd6 Nf5 31. Bxf5 Qxf5 32. Qe4 Qg4+ 33. Kh1 Rf8 34. Rg1 Qxf4 35. Qxg6+ Kh8 36. Rd5 Rh7 37. e7 Qf3+ 38. Qg2 Qxg2+ 39. Rxg2 Rxe7 40. Rxh5+ Rh7 41. Rxh7+ 1-0